00351nam a2200133Ia 4500008004100000020001500041041001200056082001600068100001600084245005700100260003600157300000800193650001600201221030s9999 xx 000 0 und d a9814126209 aEnglish a105.23bPra aW. K. Pratt 0aDigital Image Processing PIKS Insidecby W. K. Pratt bJohn Wiley & SonsaMumbaic2003 a735 aBE Computer